[Event "BCF-chT2 1819 (4NCL) Demotion"]
[Site "England"]
[Date "2019.05.06"]
[Round "11.76"]
[White "Westrap, Christian F"]
[Black "Rahulan, Thivyaa"]
[Result "1-0"]
[WhiteElo "2035"]
[BlackElo "1975"]
[PlyCount "113"]
[EventDate "2018.11.10"]
[EventType "team-tourn"]
[EventRounds "11"]
[EventCountry "ENG"]
[SourceTitle "EXT 2021"]
[Source "ChessBase"]
[SourceDate "2020.10.23"]
[SourceVersion "1"]
[SourceVersionDate "2020.10.23"]
[SourceQuality "1"]
[WhiteTeam "Wessex"]
[BlackTeam "Manchester Manticores"]
[WhiteTeamCountry "ENG"]
[BlackTeamCountry "ENG"]

1. d4 f5 2. g3 Nf6 3. Bg2 g6 4. Nf3 Bg7 5. 0-0 d6 6. c4 c6 7. Nc3 0-0 8. b3 Re8 9. Bb2 Nbd7 10. d5 c5 11. Ng5 Nf8 12. h4 h6 13. Nh3 a6 14. Qc2 Bd7 15. a4 b6 16. Nf4 Kh7 17. Ne6 Qc8 18. Nxg7 Kxg7 19. e4 N8h7 20. Rae1 fxe4 21. Nxe4 b5 22. axb5 axb5 23. Re3 bxc4 24. bxc4 Bf5 25. Qc3 Kf7 26. Rfe1 Qd7 27. Nd2 Ra7 28. Be4 Bxe4 29. Nxe4 Qd8 30. Rf3 Rf8 31. g4 g5 32. hxg5 hxg5 33. Qe3 Rg8 34. Ng3 Qd7 35. Nf5 Rg6 36. Kg2 Rb7 37. Ba1 Ra7 38. Rh1 Nf8 39. Kg3 Qd8 40. Bc3 Ra3 41. Re1 Ra7 42. Kg2 Rb7 43. Qe2 Ra7 44. Re3 Ng8 45. Rh1 Nf6 46. Re1 Ng8 47. Bb2 Rb7 48. Rf3 Nf6 49. Ng3 Qc8 50. Rf5 N8h7 51. Nh5 Qd7 52. Bc1 Ra7 53. Rh1 Rb7 54. Nxf6 Nxf6 55. Bxg5 Ra7 56. Qf3 Kg7 57. Bxf6+ 1-0